00865cam a2200217 a 450000100100000000500170001000800410002702000150006804000250008308200150010810000300012324500740015326000710022730000210029849000670031950000560038650400320044260000660047460000380054083000690057800000717820200929154104.0900604s1989 sp b 001 0 spa  a8478200355 aDO-SdBNPbspacBNPHU a920bF954b1 aFuentes, Víctor,d1933-10aBenjamín Jarnés, biografía y metaficción /cVíctor Fuentes. aZaragoza, España :bInstitución Fernando el Católico,c1989. a149 p. ;c22 cm.1 aPublicación de la Institución Fernando el Católicov1193 aI centenario del nacimiento de Benjamín Jarnés. aBibliografía : p. 143-14714aJARNÉS, BENJAMÍN,d1888-1950xCRÍTICA E INTERPRTACIÓN14aJARNÉS, BENJAMÍNxBIOGRAFÍA 0aPublicación de la Institución Fernando el Católico ;v1193